000 00243nam a22001097a 4500
003 NUST
082 _a813.6,SHA
100 _aShafak, Elif
_99827
245 _aThe Forty Rules of Love /
_cElif Shafak,
650 _aNovel
_92525
942 _2ddc
_cBK
999 _c591465
_d591465